Štatistická analýza zamestnanosti študentov denného štúdia vysokých škôl bakalárska práca

Na minha lista:
Detalhes bibliográficos
Autor principal: Kokoška, Peter
Autor Corporativo: Fakulta hospodárskej informatiky EU. Katedra štatistiky
Outros Autores: Kotlebová, Eva
Formato: Livro
Idioma:eslovaco
Publicado em: Bratislava 2016
Tags: Adicionar Tag
Sem tags, seja o primeiro a adicionar uma tag!

MARC

LEADER 00000nbm a2200000 4500
001 0218924
005 20240806095901.6
041 0 |a slo 
044 |a SK 
245 1 0 |a Štatistická analýza zamestnanosti študentov denného štúdia vysokých škôl  |b bakalárska práca  |c Peter Kokoška ; školiteľ: Eva Kotlebová 
264 1 |a Bratislava  |c 2016 
300 |a 66 s. 
100 1 |a Kokoška, Peter 
700 1 |a Kotlebová, Eva 
710 2 |a Fakulta hospodárskej informatiky EU. Katedra štatistiky